<?xml version="1.0" encoding="UTF-8"?>
<record
    xmlns:xsi="http://www.w3.org/2001/XMLSchema-instance"
    xsi:schemaLocation="http://www.loc.gov/MARC21/slim http://www.loc.gov/standards/marcxml/schema/MARC21slim.xsd"
    xmlns="http://www.loc.gov/MARC21/slim">

  <leader>01299cam a22002891  4500</leader>
  <controlfield tag="001">gs 39000021 </controlfield>
  <controlfield tag="003">DLC</controlfield>
  <controlfield tag="005">20260227111344.0</controlfield>
  <controlfield tag="008">851004s1936    mx ab    b    000 0 spa c</controlfield>
  <datafield tag="010" ind1=" " ind2=" ">
    <subfield code="a">gs 39000021 </subfield>
  </datafield>
  <datafield tag="035" ind1=" " ind2=" ">
    <subfield code="a">(OCoLC)12634093</subfield>
  </datafield>
  <datafield tag="040" ind1=" " ind2=" ">
    <subfield code="a">U.S. Geol. Survey. Libr.</subfield>
    <subfield code="c">TxHR</subfield>
    <subfield code="d">OCoLC</subfield>
    <subfield code="d">DLC</subfield>
  </datafield>
  <datafield tag="042" ind1=" " ind2=" ">
    <subfield code="a">premarc</subfield>
  </datafield>
  <datafield tag="050" ind1="0" ind2="0">
    <subfield code="a">QE201</subfield>
    <subfield code="b">.M4 t. 6</subfield>
  </datafield>
  <datafield tag="100" ind1="1" ind2=" ">
    <subfield code="a">Hern&#xE1;ndez, Apolinar.</subfield>
  </datafield>
  <datafield tag="245" ind1="0" ind2="0">
    <subfield code="a">Hidrogeolog&#xED;a del Valle de Morelia, Mich.,</subfield>
    <subfield code="c">por Apolinar Hern&#xE1;ndez. Hidrogeolog&#xED;a de la zona de Tenango del Valle, Almoloya del R&#xED;o, Amomolulco y sus vertientes en el Estado de M&#xE9;xico, por Apolinar Hern&#xE1;ndez y Luis Bl&#xE1;squez.</subfield>
  </datafield>
  <datafield tag="260" ind1=" " ind2=" ">
    <subfield code="a">M&#xE9;xico,</subfield>
    <subfield code="b">Tall. Gr&#xE1;f. de la Naci&#xF3;n,</subfield>
    <subfield code="c">1936.</subfield>
  </datafield>
  <datafield tag="300" ind1=" " ind2=" ">
    <subfield code="a">xi, 99 p.</subfield>
    <subfield code="b">illus., 3 fold. col. maps, tables.</subfield>
    <subfield code="c">23 cm.</subfield>
  </datafield>
  <datafield tag="490" ind1="1" ind2=" ">
    <subfield code="a">Anales del Instituto de Geolog&#xED;a,</subfield>
    <subfield code="v">t. 6</subfield>
  </datafield>
  <datafield tag="500" ind1=" " ind2=" ">
    <subfield code="a">At head of title: Universidad Nacional de M&#xE9;xico. Instituto de Geolog&#xED;a.</subfield>
  </datafield>
  <datafield tag="504" ind1=" " ind2=" ">
    <subfield code="a">"Glosario de t&#xE9;rminos geol&#xF3;gicos usados en este tomo": p. [91]-99.</subfield>
  </datafield>
  <datafield tag="650" ind1=" " ind2="0">
    <subfield code="a">Water-supply</subfield>
    <subfield code="z">Mexico</subfield>
    <subfield code="z">Michoac&#xE1;n de Ocampo.</subfield>
  </datafield>
  <datafield tag="650" ind1=" " ind2="0">
    <subfield code="a">Geology</subfield>
    <subfield code="z">Mexico</subfield>
    <subfield code="z">Michoac&#xE1;n de Ocampo.</subfield>
  </datafield>
  <datafield tag="650" ind1=" " ind2="0">
    <subfield code="a">Water-supply</subfield>
    <subfield code="z">Mexico</subfield>
    <subfield code="z">Mexico (State)</subfield>
  </datafield>
  <datafield tag="650" ind1=" " ind2="0">
    <subfield code="a">Geology</subfield>
    <subfield code="z">Mexico</subfield>
    <subfield code="z">Mexico (State)</subfield>
  </datafield>
  <datafield tag="810" ind1="2" ind2=" ">
    <subfield code="a">Universidad Nacional.</subfield>
    <subfield code="b">Instituto de Geologia.</subfield>
    <subfield code="t">Anales ;</subfield>
    <subfield code="v">t. 6.</subfield>
  </datafield>
  <datafield tag="999" ind1=" " ind2=" ">
    <subfield code="c">27506</subfield>
    <subfield code="d">27506</subfield>
  </datafield>
</record>
